[Event "Heusenstamm Sparkassen op-B 4th"]
[Site "Heusenstamm"]
[Date "2017.11.23"]
[Round "1"]
[White "Krieger, Roy"]
[Black "Kremenetskiy, Igor"]
[Result "1/2-1/2"]
[WhiteElo "1293"]
[BlackElo "1603"]
[PlyCount "63"]
[EventDate "2017.11.23"]
[EventType "swiss"]
[EventRounds "7"]
[EventCountry "GER"]
[SourceTitle "EXT 2019"]
[Source "ChessBase"]
[SourceDate "2018.10.10"]
[SourceVersion "1"]
[SourceVersionDate "2018.10.10"]
[SourceQuality "1"]

1. d4 Nf6 2. Nf3 d6 3. Bf4 g6 4. e3 c6 5. Bd3 Bg7 6. c3 0-0 7. 0-0 Bg4 8. h3 Bxf3 9. Qxf3 Re8 10. Qd1 Qb6 11. Qb3 Qc7 12. Nd2 Nbd7 13. c4 Qb6 14. Qxb6 Nxb6 15. Rab1 e5 16. Bh2 Rad8 17. b3 Bh6 18. d5 cxd5 19. cxd5 Nfxd5 20. Bb5 Re7 21. Nc4 Nc3 22. Nxb6 Nxb1 23. Nd5 Re6 24. Rxb1 a6 25. Bc4 b5 26. Bd3 Rc8 27. Bg3 Rc5 28. Nb6 f5 29. a4 Rc3 30. Be2 f4 31. axb5 axb5 32. Bh2 1/2-1/2

[Event "Heusenstamm Sparkassen op-B 3rd"]
[Site "Heusenstamm"]
[Date "2016.11.27"]
[Round "1"]
[White "Grudniewski, Andreas"]
[Black "Kremenetskiy, Igor"]
[Result "1-0"]
[WhiteElo "1210"]
[BlackElo "1633"]
[PlyCount "147"]
[EventDate "2016.11.27"]
[EventType "swiss"]
[EventRounds "7"]
[EventCountry "GER"]
[SourceTitle "EXT 2018"]
[Source "ChessBase"]
[SourceDate "2017.10.13"]
[SourceVersion "1"]
[SourceVersionDate "2017.10.13"]
[SourceQuality "1"]

1. e4 e5 2. Nf3 Nc6 3. Nc3 Nf6 4. d3 Bc5 5. h3 d6 6. Bg5 h6 7. Bh4 g5 8. Bg3 a6 9. Be2 Be6 10. a3 Qd7 11. Nd2 0-0-0 12. Nf3 Nh5 13. Bh2 Nf4 14. Bxf4 gxf4 15. b4 Ba7 16. b5 axb5 17. Nxb5 Bb6 18. Rc1 Rhg8 19. Bf1 Ba5+ 20. c3 Ne7 21. Qa4 b6 22. Na7+ Kb8 23. Qxd7 Bxd7 24. Nd2 Kxa7 25. Nc4 Be6 26. d4 Bxc4 27. Bxc4 Rdf8 28. 0-0 Rg7 29. Kh2 f6 30. Bb3 Kb7 31. Bd1 Rfg8 32. Rg1 Ng6 33. Bb3 Rd8 34. a4 c6 35. g3 Rdd7 36. Rc2 Ne7 37. Be6 Rc7 38. Bb3 d5 39. Re1 exd4 40. gxf4 Bxc3 41. Ree2 dxe4 42. Rxe4 f5 43. Re5 Rd7 44. Re6 Ng6 45. Rf6 Nxf4 46. Rxf5 Rg2+ 47. Kh1 Rdg7 48. Rf7+ Rxf7 49. Bxf7 d3 50. Rxc3 d2 51. Bb3 Rxf2 52. Rg3 Re2 53. Rg7+ Ka6 54. Bc4+ Ka5 55. Bxe2 Nxe2 56. Rd7 Kxa4 57. Rxd2 Nc3 58. Rd6 Kb5 59. Rxh6 c5 60. Kg2 c4 61. Kf3 Kc5 62. Ke3 b5 63. Kd2 Kb4 64. Kc2 Na4 65. Rg6 c3 66. h4 Ka3 67. Rg1 Ka2 68. h5 b4 69. Rb1 Nb2 70. Rh1 Na4 71. Rb1 Nb2 72. h6 b3+ 73. Kxc3 Kxb1 74. Kxb3 1-0

[Event "Heusenstamm Sparkassen op-B 3rd"]
[Site "Heusenstamm"]
[Date "2016.11.27"]
[Round "3"]
[White "Spill, Werner"]
[Black "Kremenetskiy, Igor"]
[Result "0-1"]
[WhiteElo "1436"]
[BlackElo "1633"]
[PlyCount "78"]
[EventDate "2016.11.27"]
[EventType "swiss"]
[EventRounds "7"]
[EventCountry "GER"]
[SourceTitle "EXT 2018"]
[Source "ChessBase"]
[SourceDate "2017.10.13"]
[SourceVersion "1"]
[SourceVersionDate "2017.10.13"]
[SourceQuality "1"]

1. Nc3 Nf6 2. e4 d6 3. f4 Bg4 4. Be2 Bxe2 5. Qxe2 Nc6 6. Nf3 e6 7. a3 Be7 8. 0-0 0-0 9. d3 a6 10. Kh1 Kh8 11. Bd2 g6 12. Qf2 d5 13. e5 Nd7 14. d4 Na7 15. b4 Nb6 16. Ne2 Nc4 17. Bc1 b5 18. Qg3 Nc6 19. Qh3 Rg8 20. Ng5 Bxg5 21. fxg5 Qf8 22. Qf3 Nd8 23. Qg4 a5 24. c3 axb4 25. cxb4 Nc6 26. Rb1 Nxa3 27. Ra1 Nc4 28. Rxa8 Qxa8 29. Qf3 Rg7 30. h4 Qf8 31. Qf6 Kg8 32. Rf3 Qxb4 33. Nf4 Qe1+ 34. Kh2 Qxh4+ 35. Rh3 Qg4 36. Nd3 Kf8 37. Rf3 Qxd4 38. Nb4 N4a5 39. Rf4 Qxe5 0-1

[Event "Heusenstamm Schloss op 1st"]
[Site "Heusenstamm"]
[Date "2014.11.22"]
[Round "4"]
[White "Kremenetskiy, Igor"]
[Black "Zirlik, Rudi"]
[Result "1/2-1/2"]
[WhiteElo "1345"]
[BlackElo "1993"]
[PlyCount "59"]
[EventDate "2014.11.20"]
[EventType "swiss"]
[EventRounds "7"]
[EventCountry "GER"]
[SourceTitle "CBM 163 Extra"]
[Source "ChessBase"]
[SourceDate "2014.12.23"]
[SourceVersion "1"]
[SourceVersionDate "2014.12.23"]
[SourceQuality "1"]

1. e4 c5 2. Nf3 d6 3. Bc4 e6 4. Nc3 Nc6 5. a3 Be7 6. d3 Bf6 7. 0-0 Nge7 8. Bg5 Bxg5 9. Nxg5 0-0 10. f4 h6 11. Nf3 d5 12. exd5 exd5 13. Ba2 d4 14. Ne4 Nf5 15. Qd2 b6 16. b4 Be6 17. Bxe6 fxe6 18. bxc5 Ne3 19. Rfe1 Rxf4 20. Rxe3 dxe3 21. Qxe3 Rf8 22. Nd6 Qf6 23. Re1 e5 24. c3 Rad8 25. d4 bxc5 26. dxc5 Rb8 27. Qe4 Ne7 28. Qxe5 Qxe5 29. Nxe5 Nf5 30. Nd7 1/2-1/2

[Event "Main Vogelsberg Seniors-ch 1st"]
[Site "Grossauheim"]
[Date "2006.03.09"]
[Round "2"]
[White "Kremenetskiy, Igor"]
[Black "Herdt, Werner"]
[Result "1/2-1/2"]
[WhiteElo "1452"]
[BlackElo "1363"]
[PlyCount "98"]
[EventDate "2006.03.02"]
[EventType "swiss"]
[EventRounds "7"]
[EventCountry "GER"]
[SourceTitle "EXT 2007"]
[Source "ChessBase"]
[SourceDate "2006.11.23"]
[SourceVersion "1"]
[SourceVersionDate "2006.11.23"]
[SourceQuality "1"]

1. c4 c5 2. Nc3 Nc6 3. g3 b6 4. Bg2 Bb7 5. Nf3 Nf6 6. 0-0 e6 7. d3 d6 8. b3 Be7 9. Bb2 0-0 10. Re1 Re8 11. Qc2 Nb4 12. Qb1 Rb8 13. a3 Nc6 14. Qc2 h6 15. Rad1 Qc8 16. e3 d5 17. Ne2 Rd8 18. d4 dxc4 19. dxc5 cxb3 20. Rxd8+ Nxd8 21. Qxb3 bxc5 22. Be5 Ra8 23. Rb1 Bd5 24. Qa4 Qc6 25. Qxc6 Bxc6 26. Rd1 Rc8 27. Nc3 Ne4 28. Nb1 f6 29. Ba1 a6 30. Ne1 Kf7 31. f3 Nd6 32. Nd3 Bb5 33. Bf1 N8b7 34. Nc3 c4 35. Nb2 Na5 36. a4 Be8 37. Rb1 Nb3 38. Nxc4 Nxa1 39. Nxd6+ Bxd6 40. Ne4 Rc6 41. Nxd6+ Rxd6 42. Rxa1 Bd7 43. a5 Ke7 44. Be2 Kd8 45. Kf2 Kc7 46. Rc1+ Kb8 47. Rc5 Bc8 48. f4 Bb7 49. Ke1 Rd5 1/2-1/2